[Event "4NCL Division One"]
[Site "Warwick, ENG"]
[Date "2023.02.11"]
[Round "5.11"]
[White "Williams, Simon K"]
[Black "Ansell, Simon T"]
[Result "1/2-1/2"]
[WhiteElo "2467"]
[BlackElo "2429"]
[PlyCount "68"]
[EventDate "2023.02.11"]
[WhiteTeam "Cheddleton"]
[BlackTeam "Blackthorne"]

1. d4 d5 2. c4 c6 3. Nf3 Nf6 4. Qc2 dxc4 5. e4 b5 6. b3 cxb3 7. axb3 e6 8. Bd3
Bb7 9. O-O Be7 10. Bd2 a5 11. Rc1 h6 12. Nc3 Na6 13. e5 Nd7 14. Be2 Nb4 15. Qe4
Qb6 16. Qg4 g6 17. d5 h5 18. Qf4 exd5 19. e6 fxe6 20. Be3 Qd8 21. Nxb5 e5 22.
Nxe5 Nxe5 23. Qxe5 O-O 24. Nc7 Bf6 25. Qe6+ Kg7 26. Bb6 Rc8 27. Rxa5 Rxc7 28.
Qe3 Rff7 29. Qd2 Qf8 30. Bc5 Be7 31. Qxb4 Bxc5 32. Raxc5 Qe7 33. Bf3 Rd7 34.
Qd2 Qf6 1/2-1/2

[Event "4NCL Division One"]
[Site "Warwick, ENG"]
[Date "2023.02.11"]
[Round "5.12"]
[White "Gormally, Daniel W"]
[Black "Hebden, Mark L"]
[Result "1/2-1/2"]
[WhiteElo "2450"]
[BlackElo "2448"]
[PlyCount "105"]
[EventDate "2023.02.11"]
[WhiteTeam "Blackthorne"]
[BlackTeam "Cheddleton"]

1. e4 e5 2. Nf3 Nc6 3. Bb5 a6 4. Ba4 Nf6 5. O-O Be7 6. Re1 b5 7. Bb3 O-O 8. d3
d6 9. c3 Na5 10. Bc2 c5 11. Nbd2 Re8 12. Nf1 h6 13. Ne3 Bf8 14. Bd2 Nc6 15. a4
Be6 16. h3 Qd7 17. Nh2 b4 18. cxb4 cxb4 19. a5 Qb7 20. Bb3 Bxb3 21. Qxb3 d5 22.
Nhg4 Nxg4 23. hxg4 dxe4 24. dxe4 Rad8 25. Nd5 Ne7 26. Nxe7+ Bxe7 27. Be3 Qb5
28. Rac1 Qxa5 29. Rc6 Qb5 30. Rb6 Qd7 31. Rxa6 Qxg4 32. Qc4 Rc8 33. Qd5 Bf8 34.
Ra7 Qe6 35. Rd1 Qxd5 36. Rxd5 Rc4 37. Rdd7 f6 38. f3 Rec8 39. Rd2 Rc2 40. Rad7
b3 41. Rb7 Bc5 42. Rdd7 Bxe3+ 43. Kh2 Bc5 44. Rxg7+ Kf8 45. Rgf7+ Ke8 46. Rxf6
Rxb2 47. Re6+ Kd8 48. Rxh6 Rc7 49. Rh8+ Kd7 50. Rh7+ Be7 51. Rxe7+ Kxe7 52.
Rxc7+ Kd6 53. Rc3 1/2-1/2

[Event "4NCL Division One"]
[Site "Warwick, ENG"]
[Date "2023.02.11"]
[Round "5.13"]
[White "Eggleston, David J"]
[Black "Ledger, Andrew J"]
[Result "1/2-1/2"]
[WhiteElo "2359"]
[BlackElo "2344"]
[PlyCount "54"]
[EventDate "2023.02.11"]
[WhiteTeam "Cheddleton"]
[BlackTeam "Blackthorne"]

1. e4 c6 2. d4 d5 3. e5 Bf5 4. h4 a6 5. g4 Bd7 6. c3 e6 7. f4 c5 8. Nf3 Nc6 9.
h5 Nh6 10. Rg1 Qb6 11. Qb3 Qxb3 12. axb3 cxd4 13. Nxd4 Nxd4 14. cxd4 g6 15.
hxg6 hxg6 16. Nc3 Bb4 17. Bd2 Ng8 18. Na4 Bxd2+ 19. Kxd2 Bxa4 20. bxa4 Ne7 21.
Be2 Nc6 22. Rh1 Ke7 23. Ke3 Rac8 24. Bd3 Nb4 25. Kd2 Nc6 26. Ke3 Nb4 27. Kd2
Nc6 1/2-1/2

[Event "4NCL Division One"]
[Site "Warwick, ENG"]
[Date "2023.02.11"]
[Round "5.14"]
[White "Bates, Richard A"]
[Black "Pert, Richard G"]
[Result "1/2-1/2"]
[WhiteElo "2422"]
[BlackElo "2411"]
[PlyCount "52"]
[EventDate "2023.02.11"]
[WhiteTeam "Blackthorne"]
[BlackTeam "Cheddleton"]

1. d4 d5 2. c4 e6 3. Nf3 Nf6 4. g3 Bb4+ 5. Bd2 Be7 6. Bg2 O-O 7. O-O Nbd7 8.
Qc2 c6 9. Bf4 Ne4 10. Nc3 g5 11. Be3 Nd6 12. cxd5 exd5 13. Rad1 Nb6 14. b3 Bf5
15. Qc1 f6 16. Ne1 Qe8 17. f3 Qg6 18. Bf2 Rae8 19. Nd3 Bxd3 20. Rxd3 f5 21. Re1
Bf6 22. Qc2 Bg7 23. Rdd1 Kh8 24. Qd3 Qf7 25. Rf1 Re6 26. e4 fxe4 1/2-1/2

[Event "4NCL Division One"]
[Site "Warwick, ENG"]
[Date "2023.02.11"]
[Round "5.15"]
[White "Arkell, Keith C"]
[Black "Webb, Laurence E"]
[Result "1-0"]
[WhiteElo "2406"]
[BlackElo "2274"]
[PlyCount "137"]
[EventDate "2023.02.11"]
[WhiteTeam "Cheddleton"]
[BlackTeam "Blackthorne"]

1. d4 Nf6 2. Nf3 c5 3. d5 g6 4. Nc3 Bg7 5. e4 d6 6. Bb5+ Bd7 7. a4 O-O 8. h3
Bxb5 9. axb5 Nbd7 10. O-O Ne8 11. Bf4 Nc7 12. Qe2 a6 13. bxa6 Rxa6 14. Rxa6
Nxa6 15. Nb5 Nc7 16. c3 Nxb5 17. Qxb5 Qc7 18. Ra1 h6 19. Ra7 Rb8 20. Nd2 Nb6
21. Qa5 Rc8 22. Be3 Kh7 23. Qb5 Rb8 24. Nb1 Nc8 25. Ra5 e6 26. dxe6 fxe6 27.
Nd2 Ne7 28. Ra1 Nc6 29. Nf3 b6 30. Bf4 Rf8 31. Bg3 Be5 32. Nxe5 dxe5 33. b4
cxb4 34. cxb4 Nd4 35. Qxe5 Qd7 36. Qd6 Qxd6 37. Bxd6 Rf7 38. Ra8 g5 39. Re8 Rd7
40. Be5 Nc6 41. Rxe6 Nxb4 42. Rxb6 Rd1+ 43. Kh2 Nd3 44. Rb7+ Kg8 45. Rd7 Kf8
46. Bg7+ Ke8 47. Rd5 h5 48. f3 Kf7 49. Bc3 h4 50. g3 hxg3+ 51. Kxg3 Rg1+ 52.
Kh2 Rd1 53. h4 gxh4 54. f4 Rf1 55. Rxd3 Rxf4 56. e5 Rc4 57. Rf3+ Ke6 58. Rf6+
Ke7 59. Rf3 Ke6 60. Kg2 Ra4 61. Rf6+ Ke7 62. Rc6 Kd7 63. Rd6+ Ke7 64. Bd4 Ra3
65. Rh6 Rg3+ 66. Kh2 Rg4 67. Bc5+ Kf7 68. Kh3 Re4 69. Bd6 1-0

[Event "4NCL Division One"]
[Site "Warwick, ENG"]
[Date "2023.02.11"]
[Round "5.16"]
[White "Duncan, Chris R"]
[Black "Kirk, Ezra"]
[Result "0-1"]
[WhiteElo "2269"]
[BlackElo "2432"]
[PlyCount "72"]
[EventDate "2023.02.11"]
[WhiteTeam "Blackthorne"]
[BlackTeam "Cheddleton"]

1. Nf3 Nf6 2. c4 g6 3. Nc3 Bg7 4. d4 O-O 5. e4 d6 6. Be2 Nbd7 7. O-O e5 8. Be3
Qe7 9. Qc2 c6 10. Rfe1 h6 11. Rad1 Ng4 12. Bc1 exd4 13. Nxd4 Nxf2 14. Kxf2 Qh4+
15. Kf1 Bxd4 16. Bf3 Bg7 17. Kg1 Ne5 18. Qf2 Qxf2+ 19. Kxf2 Be6 20. Rxd6 Nxc4
21. Rdd1 Ne5 22. Be3 Rfd8 23. Be2 b6 24. Kf1 Nc4 25. Bxc4 Bxc4+ 26. Kf2 b5 27.
Kf3 b4 28. Na4 Bxa2 29. Rxd8+ Rxd8 30. Rc1 Bb3 31. Nc5 Bd1+ 32. Kf2 Bxb2 33.
Rb1 Bc3 34. Nb7 Rb8 35. Na5 Bc2 36. Rc1 Bxe4 0-1

[Event "4NCL Division One"]
[Site "Warwick, ENG"]
[Date "2023.02.11"]
[Round "5.17"]
[White "Steil-Antoni, Fiona"]
[Black "Ledger, Stephen C"]
[Result "1-0"]
[WhiteElo "2195"]
[BlackElo "2120"]
[PlyCount "69"]
[EventDate "2023.02.11"]
[WhiteTeam "Cheddleton"]
[BlackTeam "Blackthorne"]

1. e4 d5 2. exd5 Qxd5 3. Nc3 Qd6 4. d4 Nf6 5. Nf3 c6 6. Ne5 Nbd7 7. Nc4 Qc7 8.
Qf3 Nb6 9. Bf4 Qd7 10. Nxb6 axb6 11. O-O-O Qg4 12. Qe3 Qe6 13. d5 Qxe3+ 14.
Bxe3 cxd5 15. Nb5 Kd7 16. Bxb6 Kc6 17. Be3 e5 18. f4 Ng4 19. Bg1 Bc5 20. fxe5
Bxg1 21. Rxg1 Rxa2 22. Kb1 Ra5 23. Nd4+ Kc7 24. Nb3 Ra7 25. Rxd5 Be6 26. Rc5+
Kb8 27. h3 Ne3 28. Be2 Rd8 29. g4 Ra4 30. Bf3 b6 31. Rc3 Nd5 32. Rd3 Rf4 33.
Bh1 Kc7 34. Rgd1 Ne3 35. Rxd8 1-0

[Event "4NCL Division One"]
[Site "Warwick, ENG"]
[Date "2023.02.11"]
[Round "5.18"]
[White "Varney, Zoe"]
[Black "Boswell, Jacob Connor"]
[Result "0-1"]
[WhiteElo "2035"]
[BlackElo "2108"]
[PlyCount "58"]
[EventDate "2023.02.11"]
[WhiteTeam "Blackthorne"]
[BlackTeam "Cheddleton"]

1. d4 b5 2. e4 a6 3. Nf3 Bb7 4. Bd3 e6 5. Be3 Nf6 6. Nbd2 d6 7. O-O Be7 8. c3
O-O 9. Qc2 h6 10. a4 Qd7 11. axb5 axb5 12. Qb3 Rxa1 13. Rxa1 Nxe4 14. Nxe4 Bd5
15. Qc2 f5 16. Nc5 dxc5 17. Ne5 Qe8 18. dxc5 Bf6 19. Bd4 Nc6 20. Bxb5 Nxd4 21.
cxd4 Qxb5 22. Ng6 Rb8 23. h3 Qxb2 24. Qa4 Qxd4 25. Ne7+ Kh7 26. Qxd4 Bxd4 27.
Ra7 Rb1+ 28. Kh2 Be5+ 29. g3 Rh1# 0-1

[Event "4NCL Division One"]
[Site "Warwick, ENG"]
[Date "2023.02.11"]
[Round "5.21"]
[White "Parligras, Mircea-Emilian"]
[Black "Chow, Samuel"]
[Result "0-1"]
[WhiteElo "2565"]
[BlackElo "2392"]
[PlyCount "58"]
[EventDate "2023.02.11"]
[WhiteTeam "Chess.com Manx Liberty"]
[BlackTeam "Chessable White Rose 2"]

1. d4 Nf6 2. c4 g6 3. Nc3 d5 4. cxd5 Nxd5 5. e4 Nxc3 6. bxc3 Bg7 7. Nf3 c5 8.
Be3 Qa5 9. Nd2 O-O 10. Be2 Qxc3 11. Rc1 Qb4 12. Rc4 Qb2 13. Rc2 Qb4 14. Rxc5
Nc6 15. Rc4 Qb2 16. Nb3 Qxa2 17. O-O Rd8 18. d5 e6 19. Nc5 exd5 20. Ra4 Qb2 21.
exd5 Bf5 22. Rc4 Ne5 23. Bd4 Qa2 24. Bxe5 Bxe5 25. Nxb7 Rdb8 26. Rb4 a5 27. Rb5
Bd7 28. Rb1 Ra7 29. Bg4 Raxb7 0-1

[Event "4NCL Division One"]
[Site "Warwick, ENG"]
[Date "2023.02.11"]
[Round "5.22"]
[White "Wall, Tim P"]
[Black "Lupulescu, Constantin"]
[Result "0-1"]
[WhiteElo "2337"]
[BlackElo "2592"]
[PlyCount "86"]
[EventDate "2023.02.11"]
[WhiteTeam "Chessable White Rose 2"]
[BlackTeam "Chess.com Manx Liberty"]

1. e4 c5 2. c3 d5 3. exd5 Qxd5 4. d4 Nf6 5. Nf3 e6 6. Be3 Nc6 7. Na3 cxd4 8.
Nb5 Qd8 9. Nbxd4 Nd5 10. Nxc6 bxc6 11. Bd4 f6 12. Bd3 e5 13. Be3 Nxe3 14. fxe3
Bc5 15. Qc2 Bxe3 16. Bxh7 Be6 17. Rd1 Qb6 18. Rf1 Ke7 19. Bf5 Bd5 20. c4 Bxf3
21. Rd7+ Kf8 22. Rxf3 Rxh2 23. Rh3 Bf4 24. c5 Qa5+ 25. Qc3 Qxc3+ 26. bxc3 Rb8
27. Rxh2 Bxh2 28. Be6 e4 29. Rf7+ Ke8 30. Rxg7 Rb1+ 31. Ke2 Bg1 32. Rxa7 Rb2+
33. Kd1 Bxc5 34. Ra4 e3 35. Bg4 Rxg2 36. Bf3 Rd2+ 37. Ke1 Kd7 38. Rc4 Bd6 39.
Bxc6+ Kd8 40. Rd4 Kc7 41. Bb5 Bg3+ 42. Kf1 Rf2+ 43. Kg1 Rb2 0-1

[Event "4NCL Division One"]
[Site "Warwick, ENG"]
[Date "2023.02.11"]
[Round "5.23"]
[White "Cyborowski, Lukasz"]
[Black "Movileanu, Daniela"]
[Result "1-0"]
[WhiteElo "2494"]
[BlackElo "2270"]
[PlyCount "107"]
[EventDate "2023.02.11"]
[WhiteTeam "Chess.com Manx Liberty"]
[BlackTeam "Chessable White Rose 2"]

1. c4 c5 2. Nf3 Nc6 3. d4 cxd4 4. Nxd4 g6 5. e4 Bg7 6. Be3 Nf6 7. Nc3 O-O 8.
Be2 d6 9. O-O Bd7 10. Qd2 Nxd4 11. Bxd4 Bc6 12. f3 a5 13. b3 Nd7 14. Be3 Nc5
15. Rac1 Qb6 16. Nd5 Bxd5 17. cxd5 f5 18. exf5 gxf5 19. Rc4 Qa7 20. Rh4 Rf6 21.
Kh1 b6 22. Bd1 Qa6 23. Re1 Qd3 24. Bc2 Qxd2 25. Bxd2 Rf7 26. Rh5 Raf8 27. g4
Be5 28. Bxf5 Kh8 29. Bh6 Ra8 30. Bd2 b5 31. Rxe5 dxe5 32. Bc3 Ra6 33. Bxe5+ Kg8
34. Bd4 Rxf5 35. Rxf5 Nd3 36. Be3 a4 37. Kg2 axb3 38. axb3 Kg7 39. Kg3 b4 40.
Bd4+ Kg8 41. Be3 Kg7 42. Bg5 Ra7 43. h4 h6 44. Be3 Ra6 45. h5 Rd6 46. f4 e6 47.
dxe6 Rxe6 48. Bd4+ Kg8 49. Rd5 Nc1 50. Be5 Nxb3 51. g5 hxg5 52. fxg5 Nd2 53.
Rd8+ Kf7 54. g6+ 1-0

[Event "4NCL Division One"]
[Site "Warwick, ENG"]
[Date "2023.02.11"]
[Round "5.24"]
[White "Townsend, M Paul"]
[Black "Jaracz, Pawel"]
[Result "1/2-1/2"]
[WhiteElo "2238"]
[BlackElo "2463"]
[PlyCount "37"]
[EventDate "2023.02.11"]
[WhiteTeam "Chessable White Rose 2"]
[BlackTeam "Chess.com Manx Liberty"]

1. d4 d5 2. Bf4 Nf6 3. e3 c5 4. c3 Nc6 5. Nd2 e6 6. Ngf3 Be7 7. Ne5 Nxe5 8.
dxe5 Nd7 9. h4 f6 10. Nf3 O-O 11. Bd3 fxe5 12. Nxe5 Nxe5 13. Bxe5 Bf6 14. Qh5
g6 15. Bxg6 hxg6 16. Qxg6+ Kh8 17. Qh6+ Kg8 18. Qg6+ Kh8 19. Qh6+ 1/2-1/2

[Event "4NCL Division One"]
[Site "Warwick, ENG"]
[Date "2023.02.11"]
[Round "5.25"]
[White "Galyas, Miklos"]
[Black "Walton, Alan J"]
[Result "1/2-1/2"]
[WhiteElo "2434"]
[BlackElo "2170"]
[PlyCount "109"]
[EventDate "2023.02.11"]
[WhiteTeam "Chess.com Manx Liberty"]
[BlackTeam "Chessable White Rose 2"]

1. d4 d5 2. Nf3 Nf6 3. Bf4 e6 4. e3 c5 5. c3 Nc6 6. Nbd2 Be7 7. Bd3 Nd7 8. h4
Bf6 9. Qe2 e5 10. dxe5 Ndxe5 11. Nxe5 Bxe5 12. Nf3 Bg4 13. Bxe5 Nxe5 14. Bb5+
Kf8 15. O-O-O a6 16. Ba4 Qa5 17. Rxd5 Nxf3 18. gxf3 Be6 19. Bb3 Bxd5 20. Bxd5
Rd8 21. e4 Qc7 22. h5 h6 23. Qe3 b5 24. f4 Qe7 25. Rg1 a5 26. Qg3 Rg8 27. Qg4
a4 28. Rd1 b4 29. c4 g5 30. hxg6 Rxg6 31. Qf3 a3 32. b3 Kg7 33. e5 Kh8 34. Qe3
f5 35. Qh3 Qf8 36. Rh1 Kh7 37. Qe3 Qe7 38. Kc2 Rf8 39. Rd1 Rd8 40. Qd3 Qf8 41.
Re1 Rg4 42. Qe3 Qe7 43. Rh1 Rf8 44. Bf3 Rgg8 45. Rd1 Rd8 46. Rd5 Rg1 47. Qd3
Rxd5 48. Qxf5+ Kg7 49. Bxd5 Qf8 50. Qd7+ Kh8 51. Be4 Rg7 52. Qd2 Rg4 53. Qd7
Rg7 54. Qd2 Rg4 55. Qd7 1/2-1/2

[Event "4NCL Division One"]
[Site "Warwick, ENG"]
[Date "2023.02.11"]
[Round "5.26"]
[White "Li, Harry"]
[Black "Kolbus, Dietmar"]
[Result "1/2-1/2"]
[WhiteElo "2228"]
[BlackElo "2292"]
[PlyCount "151"]
[EventDate "2023.02.11"]
[WhiteTeam "Chessable White Rose 2"]
[BlackTeam "Chess.com Manx Liberty"]

1. e4 c6 2. d4 d5 3. Nd2 dxe4 4. Nxe4 Bf5 5. Ng3 Bg6 6. h4 h6 7. Nf3 Nd7 8. h5
Bh7 9. Bd3 Bxd3 10. Qxd3 e6 11. Bd2 Ngf6 12. O-O-O Bd6 13. Ne4 Nxe4 14. Qxe4
Nf6 15. Qe2 Qc7 16. g3 O-O-O 17. c4 Qe7 18. Kb1 Kb8 19. a3 Ka8 20. b4 Bc7 21.
Ka2 Rhe8 22. Bc3 Rc8 23. Ne5 Red8 24. f4 Nd7 25. Nd3 Nb6 26. Kb3 Qf8 27. a4 Nd7
28. a5 a6 29. Kc2 Bb8 30. Nb2 Ba7 31. g4 Re8 32. Qf3 Qd6 33. Kb3 Bb8 34. Nd3
Ba7 35. Nf2 Bb8 36. Ne4 Qe7 37. Be1 f5 38. Nf2 Rf8 39. Nd3 Nf6 40. gxf5 exf5
41. Ne5 Qe8 42. Bf2 Rd8 43. Rdg1 Ne4 44. Rd1 Nxf2 45. Qxf2 Rf6 46. Kc3 Bd6 47.
Rde1 Re6 48. Ng6 Bb8 49. Rxe6 Qxe6 50. Re1 Qf6 51. c5 Rd7 52. Qe3 Bc7 53. Qd3
Kb8 54. Re8+ Ka7 55. Qe3 Bd8 56. Rf8 Rf7 57. Rg8 Rd7 58. Rf8 Rf7 59. Qe8 Rxf8
60. Qxf8 Qe6 61. Ne5 Bf6 62. Qf7 Qc8 63. Nd7 Qd8 64. Qe6 Qc8 65. Qxf5 Qg8 66.
Nxf6 gxf6 67. Qxf6 Qd5 68. Qe5 Qf3+ 69. Kd2 Qf2+ 70. Kd3 Qf3+ 71. Kc2 Qf2+ 72.
Kb3 Qf3+ 73. Kc2 Qf2+ 74. Kd3 Qf3+ 75. Kd2 Qf2+ 76. Kd3 1/2-1/2

[Event "4NCL Division One"]
[Site "Warwick, ENG"]
[Date "2023.02.11"]
[Round "5.27"]
[White "Terbe, Julianna"]
[Black "Arnott, Jonathan W"]
[Result "1/2-1/2"]
[WhiteElo "2269"]
[BlackElo "2168"]
[PlyCount "80"]
[EventDate "2023.02.11"]
[WhiteTeam "Chess.com Manx Liberty"]
[BlackTeam "Chessable White Rose 2"]

1. d4 e6 2. c4 f5 3. Nf3 Nf6 4. g3 Be7 5. Bg2 O-O 6. O-O d6 7. Nc3 Ne4 8. Qd3
Nxc3 9. bxc3 Nd7 10. e4 fxe4 11. Qxe4 Nf6 12. Qe2 c6 13. Ng5 e5 14. dxe5 dxe5
15. h3 Qa5 16. Re1 Bc5 17. Be3 h6 18. Nf3 Bxe3 19. Qxe3 e4 20. Nd2 Bf5 21. Nxe4
Nxe4 22. Bxe4 Rae8 23. Qd4 Bxe4 24. Rxe4 Rxe4 25. Qxe4 Qxc3 26. Re1 Qf6 27. Re2
Qf5 28. Qe7 Rf7 29. Qd8+ Rf8 30. Qd4 c5 31. Qb2 Qd7 32. Qe5 b6 33. Kh2 Rf3 34.
Qh5 Qf7 35. Re8+ Kh7 36. Qxf7 Rxf7 37. Kg2 Rd7 38. Kf3 Rd3+ 39. Re3 Rd4 40. Re4
Rd3+ 1/2-1/2

[Event "4NCL Division One"]
[Site "Warwick, ENG"]
[Date "2023.02.11"]
[Round "5.28"]
[White "Shaw, Peter"]
[Black "Magold, Victor"]
[Result "1/2-1/2"]
[WhiteElo "2187"]
[BlackElo "2040"]
[PlyCount "60"]
[EventDate "2023.02.11"]
[WhiteTeam "Chessable White Rose 2"]
[BlackTeam "Chess.com Manx Liberty"]

1. d4 Nf6 2. c4 e6 3. Nf3 b6 4. a3 Ba6 5. Qc2 c5 6. d5 exd5 7. cxd5 d6 8. Nc3
g6 9. g3 Bg7 10. Bg2 O-O 11. O-O Nbd7 12. Bf4 Qe7 13. Rfe1 Nh5 14. Bg5 Bf6 15.
Bh6 Bg7 16. Bxg7 Kxg7 17. e4 Rae8 18. Qa4 Nb8 19. e5 dxe5 20. Rxe5 Qd7 21. Qh4
Rxe5 22. Nxe5 Qf5 23. Qe4 Qxe4 24. Nxe4 Nf6 25. Nxf6 Kxf6 26. Re1 h5 27. Nc6
Nxc6 28. dxc6 Bb5 29. Rd1 Rc8 30. Rd7 Re8 1/2-1/2

[Event "4NCL Division One"]
[Site "Warwick, ENG"]
[Date "2023.02.11"]
[Round "5.31"]
[White "Grieve, Harry"]
[Black "Rudd, Jack"]
[Result "1-0"]
[WhiteElo "2511"]
[BlackElo "2310"]
[PlyCount "75"]
[EventDate "2023.02.11"]
[WhiteTeam "The Sharks 1"]
[BlackTeam "West is Best 1"]

1. e4 c5 2. Nf3 d6 3. d4 cxd4 4. Nxd4 Nf6 5. Nc3 a6 6. Bg5 e6 7. f4 Be7 8. Qf3
Qc7 9. O-O-O Nbd7 10. g4 b5 11. Bxf6 Nxf6 12. g5 Nd7 13. f5 Bxg5+ 14. Kb1 Ne5
15. Qh5 Qe7 16. Nxe6 Bxe6 17. fxe6 g6 18. exf7+ Kxf7 19. Qh3 Kg7 20. Nd5 Qf7
21. Be2 Qf2 22. Nc7 Bf6 23. Nxa8 Rxa8 24. Bd3 Qc5 25. Rhf1 Rf8 26. Qe6 Nc6 27.
Qd5 Qxd5 28. exd5 Ne5 29. h3 Rc8 30. Rf4 Rc5 31. Be2 a5 32. a3 Nc4 33. Bxc4
bxc4 34. Rdf1 Be5 35. Rf7+ Kh6 36. Rb7 Rxd5 37. a4 g5 38. Rb5 1-0

[Event "4NCL Division One"]
[Site "Warwick, ENG"]
[Date "2023.02.11"]
[Round "5.32"]
[White "Cooper, John G"]
[Black "Makkar, Rajat"]
[Result "1-0"]
[WhiteElo "2231"]
[BlackElo "2425"]
[PlyCount "55"]
[EventDate "2023.02.11"]
[WhiteTeam "West is Best 1"]
[BlackTeam "The Sharks 1"]

1. d4 Nf6 2. c4 e6 3. Nc3 Bb4 4. e3 O-O 5. Bd3 b6 6. Nge2 c5 7. d5 Bb7 8. e4 b5
9. O-O exd5 10. cxd5 c4 11. Bc2 Re8 12. Ng3 Qb6 13. Bg5 Na6 14. Qf3 Be7 15. e5
Nxd5 16. Nxd5 Bxd5 17. Qxd5 Nb4 18. Qd2 Nxc2 19. Bxe7 Nxa1 20. Bd6 Re6 21. Rxa1
f6 22. Nf5 fxe5 23. Qg5 g6 24. Nh6+ Kg7 25. Rd1 Rae8 26. Bxe5+ Rxe5 27. Rxd7+
R8e7 28. Qxe5+ 1-0

[Event "4NCL Division One"]
[Site "Warwick, ENG"]
[Date "2023.02.11"]
[Round "5.33"]
[White "Moreby, James"]
[Black "Redmond, John P."]
[Result "1-0"]
[WhiteElo "2421"]
[BlackElo "2194"]
[PlyCount "77"]
[EventDate "2023.02.11"]
[WhiteTeam "The Sharks 1"]
[BlackTeam "West is Best 1"]

1. e4 e6 2. d4 d5 3. Nd2 c5 4. exd5 Qxd5 5. Ngf3 cxd4 6. Bc4 Qd6 7. O-O Nf6 8.
Nb3 Nc6 9. Nbxd4 Nxd4 10. Nxd4 Be7 11. c3 O-O 12. Qf3 Qc7 13. Bb3 Bd7 14. Bf4
Bd6 15. Bxd6 Qxd6 16. Qxb7 e5 17. Nc2 Rfb8 18. Qf3 a5 19. Rfd1 Qc7 20. Ne3 Bc6
21. Nd5 Bxd5 22. Bxd5 Ra6 23. b3 Rd6 24. Bc4 Rbd8 25. Rxd6 Qxd6 26. Qb7 Rd7 27.
Qa8+ Rd8 28. Qxa5 Ne4 29. Qa7 Nxc3 30. Qxf7+ Kh8 31. Qh5 Qd4 32. Re1 Rf8 33.
Qxe5 Qxf2+ 34. Kh1 Nxa2 35. Qa5 Qb2 36. Qc5 Qf6 37. h3 Qd8 38. Re7 Qb8 39. Qg5
1-0

[Event "4NCL Division One"]
[Site "Warwick, ENG"]
[Date "2023.02.11"]
[Round "5.34"]
[White "Macfarlane, Donald"]
[Black "Dong, Bao Nghia"]
[Result "1-0"]
[WhiteElo "2145"]
[BlackElo "2412"]
[PlyCount "111"]
[EventDate "2023.02.11"]
[WhiteTeam "West is Best 1"]
[BlackTeam "The Sharks 1"]

1. c4 e6 2. Nc3 d5 3. cxd5 exd5 4. d4 g6 5. Nf3 Bg7 6. Bg5 f6 7. Bf4 Ne7 8. Nb5
Na6 9. Rc1 c6 10. Nd6+ Kf8 11. h4 h5 12. e4 dxe4 13. Nxe4 Bf5 14. Nd6 Nd5 15.
Nxf5 Nxf4 16. Bxa6 gxf5 17. Bd3 Qa5+ 18. Kf1 Qxa2 19. g3 Nxd3 20. Qxd3 f4 21.
gxf4 Re8 22. Rg1 Bh6 23. Rg6 Bg7 24. d5 Qxd5 25. Qxd5 cxd5 26. Rc7 Rg8 27. Rxb7
Re7 28. Rb5 Kf7 29. f5 Rd7 30. Nd4 Bf8 31. Rxg8 Kxg8 32. Ne6 Kf7 33. Rb8 Bh6
34. Rh8 Bg7 35. Rb8 d4 36. Ke2 d3+ 37. Kd2 Bh6+ 38. f4 Bg7 39. b4 Bh6 40. Rh8
Rd5 41. Rh7+ Kg8 42. Rxh6 Rxf5 43. Kxd3 Kf7 44. Nd4 Rxf4 45. Rxh5 Kg6 46. Rh8
Rf1 47. b5 Rd1+ 48. Kc4 Rc1+ 49. Kd5 Rc7 50. Nc6 Rb7 51. Kc5 f5 52. Rf8 Rc7 53.
Re8 Kf6 54. Kd6 Rb7 55. Re6+ Kg7 56. Re7+ 1-0

[Event "4NCL Division One"]
[Site "Warwick, ENG"]
[Date "2023.02.11"]
[Round "5.35"]
[White "Roberson, Peter T"]
[Black "Kett, Tim"]
[Result "1-0"]
[WhiteElo "2494"]
[BlackElo "2184"]
[PlyCount "80"]
[EventDate "2023.02.11"]
[WhiteTeam "The Sharks 1"]
[BlackTeam "West is Best 1"]

1. e4 e5 2. Nf3 Nc6 3. Bb5 a6 4. Ba4 Nf6 5. d3 d6 6. c3 g6 7. O-O Bg7 8. Re1
Bd7 9. h3 O-O 10. Bc2 Nh5 11. b4 Qe7 12. Nbd2 Kh8 13. a4 Rae8 14. Nc4 b5 15.
Ne3 f5 16. axb5 axb5 17. Nd5 Qd8 18. Bg5 Qc8 19. exf5 Bxf5 20. Nd2 Bxh3 21.
gxh3 Qxh3 22. Re3 Qf5 23. Ne4 Nf4 24. Nxc7 d5 25. Nxe8 dxe4 26. Bxf4 exf4 27.
Rxe4 Bxc3 28. Ra3 Bxb4 29. Qa1+ Ne5 30. Qxe5+ Qxe5 31. Rxe5 Bxa3 32. Re6 Rf5
33. Ra6 Bc5 34. Kf1 f3 35. Ra8 Re5 36. Nf6+ Kg7 37. Ne4 Rh5 38. Kg1 Bd4 39. Bd1
Rf5 40. Rd8 Bb6 1-0

[Event "4NCL Division One"]
[Site "Warwick, ENG"]
[Date "2023.02.11"]
[Round "5.36"]
[White "Southcott-Moyers, Indy"]
[Black "Rendle, Thomas E"]
[Result "0-1"]
[WhiteElo "2139"]
[BlackElo "2449"]
[PlyCount "78"]
[EventDate "2023.02.11"]
[WhiteTeam "West is Best 1"]
[BlackTeam "The Sharks 1"]

1. d4 e6 2. c4 f5 3. Nf3 Nf6 4. g3 d5 5. Bg2 c6 6. O-O Bd6 7. Nc3 O-O 8. Qc2
Qe7 9. c5 Bc7 10. Bf4 Bxf4 11. gxf4 Nbd7 12. e3 Ne4 13. Ne5 Nxe5 14. fxe5 Nxc3
15. Qxc3 f4 16. f3 Qh4 17. Qe1 Qg5 18. exf4 Qxf4 19. Rd1 b6 20. b4 bxc5 21.
bxc5 Rb8 22. Qd2 Qxd2 23. Rxd2 Rf4 24. Kf2 g5 25. Rc1 Rb4 26. Ke3 Ba6 27. Bf1
Bxf1 28. Rxf1 Kg7 29. Rc1 a5 30. Rcc2 Kg6 31. Rb2 Rfxd4 32. a3 Rxd2 33. Rxd2
Rb3+ 34. Ke2 Kf5 35. Rd4 Rxa3 36. h4 h5 37. hxg5 Kxg5 38. Rd1 Kf4 39. Rh1 Re3+
0-1

[Event "4NCL Division One"]
[Site "Warwick, ENG"]
[Date "2023.02.11"]
[Round "5.37"]
[White "Foisor, Mihaela-Veronica"]
[Black "O'Gorman, Alice"]
[Result "1-0"]
[WhiteElo "2208"]
[BlackElo "2028"]
[PlyCount "45"]
[EventDate "2023.02.11"]
[WhiteTeam "The Sharks 1"]
[BlackTeam "West is Best 1"]

1. c4 e6 2. Nc3 d5 3. d4 c6 4. Bf4 dxc4 5. e3 b5 6. a4 Bd7 7. Qf3 Qa5 8. Rc1 a6
9. Qg3 Qd8 10. Be2 Nf6 11. Bf3 Nd5 12. Be5 Nb4 13. Be4 Nd3+ 14. Bxd3 cxd3 15.
Nf3 a5 16. Ne4 Rg8 17. Bc7 Qc8 18. Bd6 Qd8 19. Ne5 f5 20. Bxf8 Kxf8 21. Nc5 Qe8
22. Nexd7+ Nxd7 23. Qd6+ 1-0

[Event "4NCL Division One"]
[Site "Warwick, ENG"]
[Date "2023.02.11"]
[Round "5.41"]
[White "Jones, Gawain C B"]
[Black "Fernandez, Daniel Howard"]
[Result "1-0"]
[WhiteElo "2623"]
[BlackElo "2481"]
[PlyCount "113"]
[EventDate "2023.02.11"]
[WhiteTeam "Chessable White Rose 1"]
[BlackTeam "Wood Green Youth"]

1. c4 b6 2. Nc3 f5 3. d4 e6 4. g3 Bb7 5. d5 Bb4 6. Bg2 Nf6 7. Nh3 h6 8. Qb3 a5
9. O-O e5 10. e4 fxe4 11. Nxe4 Na6 12. a3 Bc5 13. Nxc5 Nxc5 14. Qc3 d6 15. f4
e4 16. Be3 O-O 17. Nf2 Re8 18. Rae1 c6 19. dxc6 Bxc6 20. b4 axb4 21. axb4 Ncd7
22. Rd1 Qc7 23. Rd4 Ra2 24. Rfd1 Rea8 25. Rxd6 R8a3 26. Qd4 Re2 27. b5 Ba8 28.
Ng4 Rd3 29. Nxf6+ Nxf6 30. Rd8+ Kf7 31. Rxd3 exd3 32. Rxa8 Rxg2+ 33. Kxg2 Qb7+
34. Kg1 Qxa8 35. Qxd3 Qf3 36. Qd2 Qe4 37. Qd4 Qb1+ 38. Kg2 h5 39. h3 h4 40. g4
Qc2+ 41. Bf2 Ne4 42. Qxb6 Qxc4 43. Bxh4 Nd2 44. Qf2 Qe4+ 45. Kh2 Nf3+ 46. Kg3
Ne1 47. Qd2 Qh1 48. Kf2 Qxh3 49. Qd5+ Kf8 50. Qd8+ Kf7 51. Qe7+ Kg8 52. Kxe1
Qh1+ 53. Kf2 Qh2+ 54. Ke3 Qg1+ 55. Bf2 Qc1+ 56. Kf3 Qa3+ 57. Qxa3 1-0

[Event "4NCL Division One"]
[Site "Warwick, ENG"]
[Date "2023.02.11"]
[Round "5.42"]
[White "Willow, Jonah B"]
[Black "Rowson, Jonathan"]
[Result "1-0"]
[WhiteElo "2431"]
[BlackElo "2550"]
[PlyCount "91"]
[EventDate "2023.02.11"]
[WhiteTeam "Wood Green Youth"]
[BlackTeam "Chessable White Rose 1"]

1. e4 c5 2. Nf3 d6 3. d4 cxd4 4. Nxd4 Nf6 5. Nc3 a6 6. Bd3 g6 7. f3 Bg7 8. Be3
Nc6 9. Qd2 Be6 10. Nxe6 fxe6 11. Bc4 d5 12. exd5 Na5 13. Be2 exd5 14. O-O-O e6
15. Bh6 Bxh6 16. Qxh6 Kf7 17. Ne4 Qf8 18. Ng5+ Ke7 19. Qh3 Qc8 20. Rhe1 e5 21.
Qh6 Qf8 22. Qh4 Nc6 23. f4 e4 24. Qh3 Qc8 25. Qa3+ Ke8 26. g4 h6 27. Nh3 Kf7
28. g5 hxg5 29. Nxg5+ Kg7 30. h3 Re8 31. Qc3 Ne7 32. Qb3 b5 33. Bg4 Nf5 34.
Rxd5 Nxd5 35. Qxd5 Re7 36. Rxe4 Raa7 37. Ne6+ Kh6 38. Bxf5 gxf5 39. Qxf5 Qg8
40. Qf6+ Qg6 41. Qh4+ Qh5 42. f5 Rad7 43. Qf6+ Kh7 44. Rg4 Qh6+ 45. Qxh6+ Kxh6
46. Rh4# 1-0